Memoria presentada al Escmo. [sic] Sr. Primer Secretario de Estado y del Despacho acerca de la situacion administrativa y económica de la Obra-pía de los Santos Lugares de Jerusalen / (Record no. 160856)

MARC details
000 -LEADER
campo de control de longitud fija 00898nam a22002055i 4500
001 - NÚMERO DE CONTROL
campo de control 160856
003 - IDENTIFICADOR DE NÚMERO DE CONTROL
campo de control ES-MaACL
005 - FECHA Y HORA DE LA ÚLTIMA TRANSACCIÓN
campo de control 20230906212136.0
008 - DATOS DE LONGITUD FIJA--INFORMACIÓN GENERAL
campo de control de longitud fija 970905s1853 sp |||| | spa d
040 ## - FUENTE DE CATALOGACIÓN
Centro catalogador/agencia de origen AR
Lengua de catalogación spa
Centro/agencia transcriptor AR
110 2# - ENTRADA PRINCIPAL--NOMBRE DE ENTIDAD CORPORATIVA
Nombre de entidad corporativa o nombre de jurisdicción como elemento de entrada Obra Pía de los Santos Lugares de Jerusalen.
Unidad subordinada Comisaria General.
9 (RLIN) 134725
245 10 - MENCIÓN DEL TÍTULO
Título Memoria presentada al Escmo. [sic] Sr. Primer Secretario de Estado y del Despacho acerca de la situacion administrativa y económica de la Obra-pía de los Santos Lugares de Jerusalen /
Mención de responsabilidad, etc. por Miguel Golfanguer.
260 ## - PUBLICACIÓN, DISTRIBUCIÓN, ETC.
Lugar de publicación, distribución, etc. Madrid :
Nombre del editor, distribuidor, etc. [s.n.],
Fecha de publicación, distribución, etc. 1853 (
Fabricante Imp. de José C. de la Peña)
300 ## - DESCRIPCIÓN FÍSICA
Extensión 86 p. ;
Dimensiones 26 cm.
505 8# - NOTA DE CONTENIDO CON FORMATO
Nota de contenido con formato Documentos: p. 61-86
594 #1 - Nota al título y mención de responsabilidad
Nota al título y mención de responsabilidad Consta en antep.: Obra-Pía de los Santos Lugares de Jerusalen.
700 11 - ENTRADA AGREGADA--NOMBRE PERSONAL
Nombre de persona Golfanguer, Miguel.
9 (RLIN) 127361
700 11 - ENTRADA AGREGADA--NOMBRE PERSONAL
Nombre de persona Peña, José C. de la,
Término indicativo de función/relación
9 (RLIN) 131094
852 ## - LOCALIZACIÓN
Ubicación ES-MaACL
Número de control de estantería D-2235
Nota libre -- Enc. hol.
Holdings
Estatus retirado Estado de pérdida Estado de daño No para préstamo Colección Biblioteca de origen Biblioteca actual Ubicación en estantería Fecha de adquisición Fuente de adquisición Total de préstamos Signatura topográfica completa Código de barras Visto por última vez Precio de reemplazo Tipo de ítem Koha
        Libros del s. XIX Biblioteca del Ateneo de Madrid Biblioteca del Ateneo de Madrid Sala Valle Inclán 17/01/2008     D-2235 901168454 23/02/2023 23/02/2023 Libro impreso antiguo